000 00856nam a2200289Ia 4500
003 OSt
005 20221006160050.0
006 a|||||r|||| 00| 0
007 ta
008 221006b |||||||| |||| 00| 0 eng d
020 _a9780742567153
_c
_95.00 (each)
024 _a44,186
037 _bGift, KCC (Window on Korea)
_cTextual
040 _aEASL
_cEASL
_beng
041 _2eng
_aeng
082 _aV495.P1, Q1
100 _aSeth Michael J.
_9671740
245 0 _aHistory of Korea
_b From antiquity to the present
260 _aLanham
_bRowman & littlefield Publishers
_c2011
300 _a593p.
_ccm.
490 _v KEL
650 _a KEL
650 _a Korea - Civilization
650 _aKorea - History
_9474030
942 _hV495.P1, Q1
_cTEXL
_2CC
999 _c1112278
_d1112278